TV Shows by Episode Titles Quiz Stats

 Plays Quiz Updated Oct 18, 2015

Challenge
Share
Tweet
Embed
Score 0/16 Timer 04:00
5 Plays Today
% Correct
Friends
97.8%
24
92.6%
Game of Thrones
92%
The Big Bang Theory
86.3%
It's Always Sunny in Philadelphia
70.4%
Buffy the Vampire Slayer
65.4%
The Office (U.S)
64.8%
Arrested Development
63.6%
% Correct
Breaking Bad
57.3%
How I Met Your Mother
57.1%
Supernatural
56.5%
Once Upon a Time
50.2%
House, M.D.
46.3%
Heroes
41.3%
Prison Break
39.8%
Suits
38%

You're not logged in!

Compare scores with friends on all Sporcle quizzes.
Join for Free
OR
Log In

You Might Also Like...

Show Comments

Extras

Top Quizzes Today


Score Distribution

Your Account Isn't Verified!

In order to create a playlist on Sporcle, you need to verify the email address you used during registration. Go to your Sporcle Settings to finish the process.

Report this User

Report this user for behavior that violates our Community Guidelines.

Details: